Statistics for Nicknames in U.S. History

Click here to take the quiz!

General Stats

  • This quiz has been taken 29,031 times
    (11,230 since last reset)
  • The average score is 11 of 20

Answer Stats

NicknameLifespanReal Name% Correct
Honest Abe1809–1865Abraham Lincoln
95%
Ike1890–1969Dwight Eisenhower
84%
Tricky Dick1913–1994Richard Nixon
80%
The Bambino1895–1948George Herman
Ruth
68%
Scarface1899–1947Al Capone
67%
Notorious R.B.G.1933–2020Ruth Bader Ginsburg
67%
The Teflon President1911–2004Ronald Reagan
66%
Hanoi Jane1937–Jane Fonda
62%
The Godfather of Soul1933–2006James Brown
56%
Satchmo1901–1971Louis Armstrong
56%
Old Hickory1767–1845Andrew Jackson
51%
The Wizard of
Menlo Park
1847–1931Thomas Edison
50%
Wild Bill1837–1876James Hickok
46%
Old Blood and
Guts
1885–1945George S. Patton
44%
Stormin' Norman1934–2012Norman Schwarzkopf
41%
Buffalo Bill1846–1917William Cody
40%
Lucky Lindy1902–1974Charles Lindbergh
39%
The Chairman of
the Board
1915–1998Frank Sinatra
38%
Blackbeard1680–1718Edward Teach
33%
Tippecanoe1773–1841William Henry
Harrison
33%

Score Distribution

Percentile by Number Answered

Percent of People with Each Score

Your Score History

You have not taken this quiz since the last reset